000 00344nam a22001457a 4500
003 OSt
008 231026b |||||||| |||| 00| 0 eng d
041 _ahin
082 _a891.54
_bMOH/AK
100 _aRakesh, Mohan
_95533
245 _aAakhiri chattan tak
260 _aDelhi
_bRajkamal Prakashan Pvt. Ltd.
_c1961
300 _a133
942 _cBK
999 _c17749
_d17749